Wird geladen...

ചോരനേരുള്ള പകർന്നാട്ടങ്ങൾ /

Bibliographische Detailangaben
1. Verfasser: Pouly Valsan
Weitere Verfasser: Joy Peter
Format: Printed Book
Sprache:Malayalam
Veröffentlicht: Kochi: Pranatha Books, 2018.
Ausgabe:1st ed
Schlagworte:
LEADER 00681nam a22001937a 4500
008 200109b ||||| |||| 00| 0 mal d
999 |c 347421  |d 347421 
020 |a 9789383255870 
082 |a 791.430 92P 
100 |a Pouly Valsan 
245 |a ചോരനേരുള്ള പകർന്നാട്ടങ്ങൾ /  |c Pouly Valsan 
250 |a 1st ed 
260 |a Kochi:  |b Pranatha Books,  |c 2018. 
300 |a 151p. 
653 |a Autobiography 
700 |a Joy Peter 
942 |c BK 
246 |a Choranerulla pakarnnattangal 
952 |0 0  |1 0  |2 ddc  |4 0  |6 791_430000000000000_92P_POU_C  |7 0  |9 400307  |a MAL  |b MAL  |c ST1  |d 2020-01-09  |g 150.00  |l 0  |o 791.430 92P POU/C  |p MAL40639  |r 2020-01-09  |w 2020-01-09  |y BK